| 000 | 00812nam a22002175i 4500 | ||
|---|---|---|---|
| 001 | 175130 | ||
| 003 | ES-MaACL | ||
| 005 | 20250815103929.0 | ||
| 008 | 101007s1956 sp |||| | spa d | ||
| 080 | _a631.41 | ||
| 100 | 0 |
_aGarcía Vicente, José. _955398 |
|
| 245 | 1 | 0 |
_aCambio de bases en la fracción inorgánica del suelo / _cpor José García Vicente. |
| 260 |
_a[Madrid] : _bInstituto de Edafología, Ecología y Fisiología Vegetal, _c1956. |
||
| 300 |
_a125 p. ; _c25 cm. |
||
| 490 | 1 |
_aMonografías de ciencia moderna ; _v52 |
|
| 650 | 1 | 4 |
_aSuelos- _xAnálisis. _9143491 |
| 710 | 2 |
_aInstituto Español de Edafología, Ecología y Fisiología Vegetal. _9143381 |
|
| 830 | 0 |
_aMonografías de ciencia moderna _v52 _9189470 |
|
| 852 |
_aES-MaACL _jE-13317 _xOlim P-555 bis |
||
| 999 |
_c175130 _d175130 |
||